Kulliyat-e-Hafeez Jalandhari / (Record no. 614266)
[ view plain ]
| 000 -LEADER | |
|---|---|
| fixed length control field | 00552nam a22001577a 4500 |
| 082 ## - DEWEY DECIMAL CLASSIFICATION NUMBER | |
| Classification number | 891.4391 |
| Author Mark | ZAK |
| 100 ## - MAIN ENTRY--PERSONAL NAME | |
| Personal name | Zikriya, Khawaja Muhammad |
| 245 ## - TITLE STATEMENT | |
| Title | Kulliyat-e-Hafeez Jalandhari / |
| Statement of responsibility, etc. | Khawaja Muhammad Zikriya |
| 260 ## - PUBLICATION, DISTRIBUTION, ETC. | |
| Place of publication, distribution, etc. | Lahore: |
| Name of publisher, distributor, etc. | Alhammad Publications, |
| Date of publication, distribution, etc. | 2005. |
| 300 ## - PHYSICAL DESCRIPTION | |
| Extent | 842p. ; |
| 563 ## - BINDING INFORMATION | |
| Binding note | HB |
| 650 ## - SUBJECT ADDED ENTRY--TOPICAL TERM | |
| Topical term or geographic name entry element | Urdu poetry — Collected works |
| 880 ## - ALTERNATE GRAPHIC REPRESENTATION | |
| Linkage | 100-01\(3\r |
| Title | خواجہ محمد زکریا |
| 880 ## - ALTERNATE GRAPHIC REPRESENTATION | |
| Linkage | 245-02\(3\r |
| Title | کلیاتِ حفیظ جالندھری \ خواجہ محمد زکریا |
| 942 ## - ADDED ENTRY ELEMENTS (KOHA) | |
| Source of classification or shelving scheme | |
| Koha item type | Book |
| 650 ## - SUBJECT ADDED ENTRY--TOPICAL TERM | |
| -- | 129690 |
| Withdrawn status | Lost status | Source of classification or shelving scheme | Damaged status | Not for loan | Permanent Location | Current Location | Date acquired | Total Checkouts | Full call number | Barcode | Date last seen | Price effective from | Koha item type |
|---|---|---|---|---|---|---|---|---|---|---|---|---|---|
| Central Library (CL) | Central Library (CL) | 07/11/2025 | 891.4391 ZAK | CL-D-2856 | 07/11/2025 | 07/11/2025 | Book |
